Determinación de la cinética de reacción de los procesos biológicos llevados a cabo en los reactores ubicados en la planta de tratamiento de aguas residuales de una empresa procesadora de frutas y verduras.
Збережено в:
| Автор: | |
|---|---|
| Інші автори: | |
| Формат: | Книга |
| Мова: | Spanish |
| Опубліковано: |
San José,[Costa Rica]
2022
|
| Предмети: | |
| Теги: |
Додати тег
Немає тегів, Будьте першим, хто поставить тег для цього запису!
|
MARC
| LEADER | 00000nam a2200000Ia 4500 | ||
|---|---|---|---|
| 003 | 013613 | ||
| 005 | 20230417105845.0 | ||
| 008 | 140114s2022 cr a 000 ||spa d | ||
| 040 | |c cru CEDI | ||
| 100 | |a Jiménez Mata, Rodolfo, 1995- |9 12 | ||
| 245 | |a Determinación de la cinética de reacción de los procesos biológicos llevados a cabo en los reactores ubicados en la planta de tratamiento de aguas residuales de una empresa procesadora de frutas y verduras. | ||
| 260 | |a San José,[Costa Rica] |c 2022 | ||
| 500 | |a Práctica dirigida(licenciatura en ingeniería química)--Universidad de Costa Rica. Facultad de Ingeniería. Escuela de Ingeniería Química | ||
| 501 | |a Director de Práctica Dirigida de Graduación: M.Sc. Bernardo Hernán Mora Gómez | ||
| 650 | |x CINETICA QUIMICA |x AGUAS RESIDUALES |x PLANTAS PARA TRATAMIENTO DE AGUAS RESIDUALES | ||
| 700 | |9 13 |a Mora Gómez, Bernardo Hernán, 1965- |d Director del TFG | ||
| 942 | |c CEDI | ||
| 999 | |c 15526 |d 15526 | ||
